Responses for Show #1524 - Thursday, March 28, 1991

Tom Halpern game 5.

Contestants

[<< previous game]

Jeff Demmin, an engineer from San Jose, California

Anne Eskridge, a child care administrator originally from Mobile, Alabama

Tom Halpern, a researcher and writer from New York City, New York (whose 4-day cash winnings total $48,802)

[next game >>]

Jeopardy! Round responses

"IN" CITIES
FOOD
ANIMALS
DISNEY SONGS
ORGANIZATIONS
O. HENRY
    $100 1
Innsbruck

Anne
    $100 11
tuna

Anne
    $100 6
cobra

Anne
    $100 22
Lady and the Tramp

Anne
    $100 14
Muscular Dystrophy Association

Anne
    $100 16
New York City

Jeff
    $200 2
Independence

Tom
    $200 12
(Jeff: What is a rat?)

guinea pig

Jeff
Triple Stumper
    $200 7
pony

Anne
    $200 23
Crocodile

Jeff
    $200 24
Girl Scouts

Tom
    $200 17
Omar Khayyam

Jeff
    $300 3
Indianapolis

Jeff
    $300 13
oven

Tom
    $300 8
shih tzu

Triple Stumper
    $300 28
Cinderella

Triple Stumper
    $300 25
American Society for the Prevention of Cruelty to Animals

Jeff
    $300 18
Red Chief

Jeff
    $400 4
Interlaken

Jeff
    $400 15
giblets

Jeff
    $400 9
goat

Anne
    $400 29
(Anne: What is Fantasia?)

Alice in Wonderland

Anne
Triple Stumper
    $400 26
National Rifle Association (NRA)

Tom
    $400 19
Sydney

Jeff
    $500 5
Inverness

Tom
    $500 21
Gorgonzola

Anne
    $500 10
(Anne: ...What is a mouse?)
(Alex: You were on the right track, but you had to think of the Latin word for sleep, dormire, so it's [*].)

dormouse

Anne
    $500 30
The Jungle Book

Tom
    $500 27
Amnesty International

Tom
    $500 20
Kings

Anne

Scores at the first commercial break (after clue 13):

Tom Anne Jeff
$1,000 $400 $500

Scores at the end of the Jeopardy! Round:

Tom Anne Jeff
$2,600 $1,200 $2,400

Double Jeopardy! Round responses

LITERARY SETTINGS
ISLANDS
GEMS & JEWELRY
AMERICAN HISTORY
MONEY
-OLOGIES
    $200 1
Sinclair Lewis

Jeff
    $200 2
Sri Lanka

Jeff
    $200 26
red

Jeff
    $200 7
(Jeff: Who is Ross?)
(Alex: Be more specific.)

Betsy Ross

Jeff
    $200 21
In God We Trust

Tom
    $200 12
geology

Jeff
    $400 17
London

Anne
    $400 3
Bermuda

Jeff
    $400 27
pearls

Jeff
    $400 8
Susan B. Anthony

Tom
    $400 22
Lincoln Memorial

Tom
    $400 13
theology

Tom
    $600 18
Mississippi

Anne
    $600 4
(Jeff: What is Hibernia?)

New Caledonia

Jeff
Triple Stumper
    $600 28
carbon

Anne
    $600 9
New Orleans

Tom
    $600 23
(Anne: Uh, what is England.)

Spain

Anne
Triple Stumper
    $600 14
hematology

Anne
    $1,000 19
Cairo

Anne
    $800 5
Martinique

Anne
    $800 29
(Alex: a black [*], right.)

sapphire

Tom
    $800 10
Virginia Dare

Jeff
    $800 24
Philadelphia

Jeff
    $800 15
pharmacology

Anne
    $1000 20
(Tom: What is [*]?)
(Jeff: What is [**])
(Alex: [*] was the movie I believe.)
[Tom's response was ruled incorrect and the ruling was reversed prior to the reveal of the Final Jeopardy! clue.]

And Then There Were None* (Ten Little Indians**)

TomJeff
    $1000 6
Iran

Tom
    $1000 30
opals

Anne
    $1,500 11
(Jeff: ...Who is Harding?)

Rutherford B. Hayes

Jeff
    $1000 25
ten-dollar bill

Tom
    $1000 16
toxicology

Anne

Scores at the end of the Double Jeopardy! Round:

Tom Anne Jeff
$8,400 $7,400 $4,700

[wagering suggestions for these scores]

Final Jeopardy! Round responses

PROVERBS
JeffWhat is "Curiosity killed the cat"
$2,700
AnneWhat is disappointment?
$7,200
TomWhat is Curiosity killed the cat?
$6,400
Curiosity killed the cat

Final scores:

Tom Anne Jeff
$14,800 $200 $7,400
5-day champion: + Jeopardy! home game or computerized version 3rd place: Magnavox Movie Maker camcorder + Jeopardy! home game or computerized version 2nd place: 7-day Norwegian Cruise Line trip to the Caribbean + Jeopardy! home game or computerized version

Game dynamics:

Coryat scores:

Tom Anne Jeff
$8,400 $7,700 $6,200
16 R,
0 W
18 R
(including 1 DD),
3 W
(including 1 DD)
19 R,
3 W
(including 1 DD)

Combined Coryat: $22,300

[game clues] [game scores] [suggest correction]

Game tape date: 1991-01-30
The J! Archive is created by fans, for fans. Scraping, republication, monetization, and malicious use prohibited; this site may use cookies and collect identifying information. See terms. The Jeopardy! game show and all elements thereof, including but not limited to copyright and trademark thereto, are the property of Jeopardy Productions, Inc. and are protected under law. This website is not affiliated with, sponsored by, or operated by Jeopardy Productions, Inc. Join the discussion at JBoard.tv.